Špecifiká spotrebiteľského správania nízkopríjmového segmentu bakalárska práca

Salvato in:
Dettagli Bibliografici
Autore principale: Hromada, Daniel
Ente Autore: Obchodná fakulta EU. Katedra marketingu
Altri autori: Kopaničová, Janka, 1979-
Natura: Libro
Lingua:slovacco
Pubblicazione: Bratislava 2016
Tags: Aggiungi Tag
Nessun Tag, puoi essere il primo ad aggiungerne!!

MARC

LEADER 00000nbm a2200000 4500
001 0218784
005 20170120153812.4
041 0 |a slo 
044 |a SK 
245 1 0 |a Špecifiká spotrebiteľského správania nízkopríjmového segmentu  |b bakalárska práca  |c Daniel Hromada ; školiteľ: Janka Kopaničová 
264 1 |a Bratislava  |c 2016 
300 |a 50 s. 
100 1 |a Hromada, Daniel 
700 1 |a Kopaničová, Janka, 1979- 
710 2 |a Obchodná fakulta EU. Katedra marketingu